| 000 | 00535nam a22001577a 4500 | ||
|---|---|---|---|
| 008 | 160929b xxu||||| |||| 00| 0 eng d | ||
| 020 | _a087905557 | ||
| 050 | _aNK 9112 .L38 1993 | ||
| 100 | _aLavitt,Wendy | ||
| 245 |
_aPictorials quits/ _cWendy Lavitt |
||
| 260 |
_aLayton Utah: _bGibbs Smith Publisher, _c1993 |
||
| 300 |
_a129p. : _bill. ; |
||
| 650 |
_aQuilts _xThemes, motives _zUnited States |
||
| 650 |
_aQuilts _vHistory _x20th century _yThemes, motives _zUnited States |
||
| 942 |
_2lcc _cBOOKS _hNK 9112 .L38 1993 |
||
| 999 |
_c14290 _d14290 |
||